000
00255nam a22001217a 4500
008
181016b xxu||||| |||| 00| 0 eng d
041
_a
eng
080
_a
701
100
_a
44
101
_a
ART
245
_a
Dutch Painting
_c
Meijer,E.R
942
_2
udc
_c
BK
999
_c
49844
_d
49844